书目信息 |
| 题名: |
中国旅游史古代部分
|
|
| 作者: | 王淑良 编著 | |
| 分册: | ||
| 出版信息: | 北京 旅游教育出版社 1999 |
|
| 页数: | 394页 | |
| 开本: | 20cm | |
| 丛书名: | ||
| 单 册: | ||
| 中图分类: | F592.9 | |
| 科图分类: | ||
| 主题词: | 旅游经济 | |
| 电子资源: | ||
| ISBN: | 7-5637-0817-0 | |
| 000 | 00549nam0 2200181 450 | |
| 001 | 0736196517 | |
| 005 | 20070924100316.51 | |
| 010 | @a7-5637-0817-0@d¥18.80 | |
| 100 | @a20070924d km y0chiy0120 ea | |
| 101 | 0 | @achi |
| 200 | 1 | @a中国旅游史古代部分@Azhong guo lu you shi gu dai bu fen@f王淑良 编著@Fwang shu liang bian zhu |
| 210 | @a北京@c旅游教育出版社@d1999 | |
| 215 | @a394页@c插图@d20cm | |
| 606 | 0 | @a旅游经济 |
| 690 | @aF592.9@v3 | |
| 701 | 0 | @a王淑良@Awang shu liang@4编著 |
| 801 | 0 | @aCN@bPFT@c20070924 |
| 905 | @a213230@dF592.9@eZY32:1@f1 | |
| 中国旅游史古代部分/王淑良 编著.-北京:旅游教育出版社,1999 |
| 394页:插图;20cm |
| ISBN 7-5637-0817-0:¥18.80 |
| ● |
| 相关链接 |
|
|
|
|
正题名:中国旅游史古代部分
索取号:F592.9/ZY32:1
 
预约/预借
| 序号 | 登录号 | 条形码 | 馆藏地/架位号 | 状态 | 备注 |
| 1 | 7900040 | 279000402 | 密集书库-资源管理系/ [索取号:F592.9/ZY32:1] | 在馆 |